Science detectives : (Record no. 6843)

MARC details
000 -LEADER
fixed length control field 01286cam a22003377i 4500
001 - CONTROL NUMBER
control field 6843
003 - CONTROL NUMBER IDENTIFIER
control field FISKH
005 - DATE AND TIME OF LATEST TRANSACTION
control field 20250602122008.0
008 - FIXED-LENGTH DATA ELEMENTS--GENERAL INFORMATION
fixed length control field 221214s2006 onca j 001 0 eng
010 ## - LIBRARY OF CONGRESS CONTROL NUMBER
LC control number 2022417468
020 ## - INTERNATIONAL STANDARD BOOK NUMBER
International Standard Book Number 9781553379942
Qualifying information (bound)
020 ## - INTERNATIONAL STANDARD BOOK NUMBER
International Standard Book Number 9781553379959
Qualifying information (pbk.)
040 ## - CATALOGING SOURCE
Original cataloging agency DLC
Transcribing agency DLC
Description conventions rda
Modifying agency DLC
Language of cataloging eng
050 ## - LIBRARY OF CONGRESS CALL NUMBER
Classification number Q163
082 ## - DEWEY DECIMAL CLASSIFICATION NUMBER
Classification number 501
100 ## - MAIN ENTRY--PERSONAL NAME
Personal name Mag, Editors of YES
245 00 - TITLE STATEMENT
Title Science detectives :
Remainder of title how scientists solved six real-life mysteries /
Statement of responsibility, etc. by the editors of Yes mag ; illustrated by Rose Cowles.
260 ## - PUBLICATION, DISTRIBUTION, ETC.
Place of publication, distribution, etc. Toronto :
Name of publisher, distributor, etc. Kids Can Press,
Date of publication, distribution, etc. 2006.
300 ## - PHYSICAL DESCRIPTION
Extent 48 pages :
Other physical details color illustrations ;
Dimensions 28 cm
336 ## - CONTENT TYPE
Content type term text
Content type code txt
Source rdacontent
337 ## - MEDIA TYPE
Media type term unmediated
Media type code n
Source rdamedia
338 ## - CARRIER TYPE
Carrier type term volume
Carrier type code nc
Source rdacarrier
500 ## - GENERAL NOTE
General note Includes index.
520 ## - SUMMARY, ETC.
Summary, etc. Science detectives follows fearless and dedicated science sleuths tracking down leads and solving cases all over the world, in cities and in deserts, deep underground, high in the sky and even in your DNA
650 #0 - SUBJECT ADDED ENTRY--TOPICAL TERM
Topical term or geographic name entry element Critical thinking
Form subdivision Juvenile literature.
650 #0 - SUBJECT ADDED ENTRY--TOPICAL TERM
Topical term or geographic name entry element Science
General subdivision Methodology
Form subdivision Juvenile literature.
700 1# - ADDED ENTRY--PERSONAL NAME
Personal name Cowles, Rose,
Dates associated with a name 1967- ,
Relator term illustrator.
906 ## - LOCAL DATA ELEMENT F, LDF (RLIN)
a 7
b cbc
c origrew
d 4
e ncip
f 20
g y-gencatlg
942 ## - ADDED ENTRY ELEMENTS (KOHA)
Source of classification or shelving scheme Dewey Decimal Classification
Koha item type Books
Suppress in OPAC No
Holdings
Withdrawn status Lost status Source of classification or shelving scheme Damaged status Not for loan Collection Home library Current library Shelving location Date acquired Total Checkouts Full call number Barcode Date last seen Copy number Price effective from Koha item type
    Dewey Decimal Classification     Non-Fiction Footprints International School Library Network Toul Kork Campus Footprints International School Library Network Toul Kork Campus A TK Campus, 4th Floor, Room B401, Non-Fiction Bookcases(7-8) 06/02/2025   MAG 501 Q163 FISTK02346 06/02/2025 1 06/02/2025 Books